Occupational health : management and practice for health practitioners (Record no. 99200)

MARC details
000 -LEADER
fixed length control field 00321nam a2200097Ia 4500
082 ## - DEWEY DECIMAL CLASSIFICATION NUMBER
Classification number 610.7346 ACUT
008 - FIXED-LENGTH DATA ELEMENTS--GENERAL INFORMATION
fixed length control field 210817s9999 xx 000 0 und d
100 ## - MAIN ENTRY--PERSONAL NAME
Personal name Acutt, J. Cape Town, South Africa, 2011 4th ed
9 (RLIN) 25442
245 #0 - TITLE STATEMENT
Title Occupational health : management and practice for health practitioners
942 ## - ADDED ENTRY ELEMENTS
item type Books
Holdings
Withdrawn status Lost status Damaged status Not for loan Date acquired Cost, normal purchase price Total Checkouts Barcode Date last seen Price effective from item type
        17.08.2021 320.00   33228023656489 17.08.2021 17.08.2021 Books